OM / (Record no. 143141)

MARC details
000 -LEADER
fixed length control field 00523nam a22001817a 4500
005 - DATE AND TIME OF LATEST TRANSACTION
control field 20170808113612.0
010 ## - LCCN (DPL NO)
LC control number ENG-119534
020 ## - INTERNATIONAL STANDARD BOOK NUMBER
International Standard Book Number 9789385493621
Terms of availability 499.00
035 ## - SYSTEM CONTROL NUMBER
System control number EN-103066
037 ## - SOURCE OF ACQUISITION
Source of stock number/acquisition DBAD/PUB
082 ## - DEWEY DECIMAL CLASSIFICATION NUMBER
Classification number N
100 ## - MAIN ENTRY--PERSONAL NAME
Personal name Shalabh Krishan
245 ## - TITLE STATEMENT
Title OM /
Statement of responsibility, etc by Shalabh Krishan
260 ## - PUBLICATION, DISTRIBUTION, ETC. (IMPRINT)
Place of publication, distribution, etc Ghaziabad
Name of publisher, distributor, etc Rathore Publishers and Distributors
Date of publication, distribution, etc 2018
270 ## - ADDRESS
Address Basement-260,Shaktikhand -III,Indirapuram
City Ghaziabad
Postal code 201010
300 ## - PHYSICAL DESCRIPTION
Extent viii,457p. :
Dimensions 22cm(pbk)
Other physical details ill.
942 ## - ADDED ENTRY ELEMENTS (KOHA)
Source of classification or shelving scheme Dewey Decimal Classification
Item type English Books
Classification part N
Call number suffix SHA
Holdings
Withdrawn status Lost status Not for loan Collection code Home library Current library Date acquired Source of acquisition Cost, normal purchase price Full call number Barcode Copy number Cost, replacement price Koha item type
      Fiction Central Jail Tihar Central Jail Tihar 08/08/2017 DBAD/PUB 499.00 N SHA EN-103066 1 499.00 English Books

© Delhi Public Library
Hit Counter
free hit counter